<?xml version="1.0" encoding="UTF-8"?>
<record
    xmlns:xsi="http://www.w3.org/2001/XMLSchema-instance"
    xsi:schemaLocation="http://www.loc.gov/MARC21/slim http://www.loc.gov/standards/marcxml/schema/MARC21slim.xsd"
    xmlns="http://www.loc.gov/MARC21/slim">

  <leader>00825nam a2200265   4500</leader>
  <controlfield tag="003">BR-BrBNA</controlfield>
  <controlfield tag="005">20240815084935.0</controlfield>
  <controlfield tag="008">240729b        bl.||||| |||| 00| 0 por d</controlfield>
  <datafield tag="040" ind1=" " ind2=" ">
    <subfield code="a">BR-BrBNA</subfield>
    <subfield code="b">por</subfield>
  </datafield>
  <datafield tag="072" ind1=" " ind2=" ">
    <subfield code="a">H20 ; H01</subfield>
  </datafield>
  <datafield tag="100" ind1=" " ind2=" ">
    <subfield code="a">Meyer, Maur&#xED;cio Conrado</subfield>
  </datafield>
  <datafield tag="245" ind1=" " ind2=" ">
    <subfield code="a">Aten&#xE7;&#xE3;o para a mela da soja</subfield>
  </datafield>
  <datafield tag="500" ind1=" " ind2=" ">
    <subfield code="a">3 illus.</subfield>
  </datafield>
  <datafield tag="650" ind1=" " ind2=" ">
    <subfield code="a">SOJA</subfield>
  </datafield>
  <datafield tag="650" ind1=" " ind2=" ">
    <subfield code="a">MELA</subfield>
  </datafield>
  <datafield tag="650" ind1=" " ind2=" ">
    <subfield code="a">FUNGO</subfield>
  </datafield>
  <datafield tag="650" ind1=" " ind2=" ">
    <subfield code="a">DOEN&#xC7;A DE PLANTA</subfield>
  </datafield>
  <datafield tag="650" ind1=" " ind2=" ">
    <subfield code="a">PROFILAXIA</subfield>
  </datafield>
  <datafield tag="650" ind1=" " ind2=" ">
    <subfield code="a">CONTROLE INTEGRADO</subfield>
  </datafield>
  <datafield tag="650" ind1=" " ind2=" ">
    <subfield code="a">CONTROLE QU&#xCD;MICO</subfield>
  </datafield>
  <datafield tag="650" ind1=" " ind2=" ">
    <subfield code="a">FUNGICIDA</subfield>
  </datafield>
  <datafield tag="773" ind1="0" ind2=" ">
    <subfield code="0">4604</subfield>
    <subfield code="9">317185</subfield>
    <subfield code="d">Palmas - Tocantins Terranova Gr&#xE1;fica e Editora Jornal&#xED;stica Ltda 2005</subfield>
    <subfield code="o">2024-3809</subfield>
    <subfield code="t">Cerrado Rural Agroneg&#xF3;cios (Brazil)</subfield>
    <subfield code="x">1980-2595</subfield>
    <subfield code="g">v. 3(14) p. 18-19; (Feb 2006)</subfield>
    <subfield code="w">BR2024002368</subfield>
  </datafield>
  <datafield tag="942" ind1=" " ind2=" ">
    <subfield code="c">Anal&#xED;tica</subfield>
  </datafield>
  <datafield tag="999" ind1=" " ind2=" ">
    <subfield code="c">300697</subfield>
    <subfield code="d">300697</subfield>
  </datafield>
</record>
